000 01313nam a22002777i 4500
005 20251201091834.0
008 250906s2020 jo ||||gr|||| 00| 0 ara d
020 _a9789957632106
040 _aJO-AmGAM
_erda
041 1 _aara
_hund
082 1 4 _a216.25
_bم ا ز
100 1 _aبن مازة، أبو جعفر شمس الدين محمد بن عمر بن عبدالعزيز،
_d1118-1170،
_eمؤلف.
245 1 0 _aلطائف الأذكار للحضار والسفار في المناسك والآداب :
_bتأليف عام 552 من الهجر النبوية /
_cأبو جعفر شمس الدين محمد بن عمر بن عبد العزيز بن مازة ؛ دراسة وتحقيق الدكتور رسول جعفريان ؛ ترجم الى العربية عبير صلاح محمد.
250 _aالطبعة الأولى.
264 3 1 _aعمان :
_bدار ورد الأردنية للنشر والتوزيع،
_c2020.
300 _a280 صفحة.
336 _2rdacontent
_aنص
_btxt
337 _2rdamedia
_aدون وسيط عرض
_bn
338 _2rdacarrier
_aمجلد
_bnc
650 1 7 _aالحج.
650 1 7 _aالاذكار.
700 1 _aجعفريان، رسول
_eمحقق.
700 1 _aصلاح، عبير محمد
_eمترجم.
942 _2ddc
_cBK
999 _c247383
_d247383